000 01012nam a2200301 a 4500
008
020 _a9780750629393 (paperback)
040 _aNUST
_cNUST
049 _aMAIN
090 _aRA399.A5
_bCLI
245 1 0 _aClinical risk modification :
_ba route to clinical governance /
_cedited by Jo Wilson and John Tingle.
260 _aEdinburgh :
_bButterworth Heinemann,
_c1999.
300 _avii, 200 pages :
_billustrations ;
_c24 cm.
336 _atext
_btxt
_2rdacontent
337 _aunmediated
_bn
_2rdamedia
338 _avolume
_bnc
_2rdacarrier
500 _aIncludes index.
504 _aIncludes bibliographical references.
650 _aMedical care
_xQuality control.
650 _aHealth risk assessment.
650 _aHealth facilities
_xRisk management.
700 _aWilson, Jo.,
_aeditor.
700 _aTingle, John.,
_aeditor
907 _a.b1040997x
_b23-09-21
_c23-09-21
003
005 20230120204320.0
942 _cBOOKS
_kRA399.A5
_mCLI
999 _c121024
_d121024